000 00517cam a2200205ua 4500
001 3056
005 20260515113627.0
008 110926n ii |||gr||||Z||||||asm
020 _a81-7331-038-6
040 _cMAIN
082 _a920
100 1 _aSharma, Sulu,
_eEditor.,
245 1 1 _aKrishna Kanta Handique
_ced. by Sulu Sharma
250 _a1st.
260 _aGuahati:
_bLawyers book stall,994.
300 _a204p:
_c23cm.
653 _aBiography
653 _aBiography of Krishna Kanta Handique
942 _cBK
999 _c2901
_d2901